|
|
|
|
| LEADER |
02201nim a2200625 i 4500 |
| 001 |
001912464 |
| 003 |
CZ BrMZK |
| 005 |
20241107141410.0 |
| 007 |
sd fungnnmmned |
| 008 |
241018t20242024xr nnnng f n cze |
| 015 |
|
|
|a cnb003637986
|
| 024 |
3 |
|
|a 8594169487014
|
| 028 |
0 |
1 |
|a AK701
|b OneHotBook
|
| 040 |
|
|
|a BOA001
|b cze
|e rda
|
| 041 |
1 |
|
|d cze
|h eng
|
| 072 |
|
7 |
|a 821.111-3
|x Anglická próza, anglicky psaná
|2 Konspekt
|9 25
|
| 080 |
|
|
|a 821.111-31
|2 MRF
|
| 080 |
|
|
|a (0:82-312.4)
|2 MRF
|
| 080 |
|
|
|a (086.7)08
|2 MRF
|
| 080 |
|
|
|a (086.76)
|2 MRF
|
| 100 |
1 |
|
|a Osman, Richard,
|d 1970-
|7 xx0232282
|4 aut
|
| 240 |
1 |
0 |
|a Bullet that missed.
|l Česky
|
| 245 |
1 |
0 |
|a Střela mimo cíl /
|c Richard Osman
|
| 264 |
|
1 |
|a [Praha] :
|b OneHotBook :
|b Slovart,
|c 2024
|
| 264 |
|
4 |
|c ℗2024
|
| 300 |
|
|
|a 1 audiodisk (12 hod., 29 min.) ;
|c 12 cm
|
| 306 |
|
|
|a 122900
|
| 336 |
|
|
|a mluvené slovo
|b spw
|2 rdacontent
|
| 337 |
|
|
|a audio
|b s
|2 rdamedia
|
| 338 |
|
|
|a audiodisk
|b sd
|2 rdacarrier
|
| 344 |
|
|
|a digital
|b optical
|2 rda
|
| 347 |
|
|
|a audio soubor
|b MP3
|2 rda
|
| 500 |
|
|
|a Název z disku
|
| 500 |
|
|
|a Z angličtiny přeložila Barbara Hajná
|
| 500 |
|
|
|a Na pouzdru: 3.
|
| 500 |
|
|
|a Podle stejnojmenné knihy vydané nakladatelstvím Slovart (2024)
|
| 508 |
|
|
|a Režie Markéta Jahodová
|
| 511 |
0 |
|
|a Čtou Libuše Švormová a Jan Vlasák
|
| 655 |
|
7 |
|a anglické romány
|7 fd131814
|2 czenas
|
| 655 |
|
7 |
|a detektivní romány
|7 fd132010
|2 czenas
|
| 655 |
|
7 |
|a audioknihy
|7 fd119452
|2 czenas
|
| 655 |
|
7 |
|a kompaktní disky
|7 fd201991
|2 czenas
|
| 655 |
|
9 |
|a English fiction
|2 eczenas
|
| 655 |
|
9 |
|a detective novels
|2 eczenas
|
| 655 |
|
9 |
|a audiobooks
|2 eczenas
|
| 655 |
|
9 |
|a compact discs
|2 eczenas
|
| 700 |
1 |
|
|a Hajná, Barbara
|7 xx0084144
|4 trl
|
| 700 |
1 |
|
|a Jahodová, Markéta,
|d 1951-
|7 xx0056920
|4 drt
|
| 700 |
1 |
|
|a Švormová, Libuše,
|d 1935-
|7 jn20000402938
|4 nrt
|
| 700 |
1 |
|
|a Vlasák, Jan,
|d 1943-
|7 jn20000402553
|4 nrt
|
| 787 |
0 |
8 |
|i Z cyklu:
|t Čtvrteční klub amatérských detektivů
|g 3
|
| 910 |
|
|
|a BOA001
|b CDR-1534.102
|
| 990 |
|
|
|a AV
|
| 991 |
|
|
|b 202411
|c NOV
|
| 996 |
6 |
|
|b 2610983492
|c CDR-1534.102
|l MZK
|r Sklad / do 24 hodin
|n 0
|p p.v.
|w 001981541
|u 000010
|a 1
|e BOA001
|j MZK50
|s P
|